=LDR 00000nam 2200000 4500 =001 NUTBA000000000005013 =005 20141016094021.0 =006 =007 =008 =020 ##$$a 978-979-032-489 3 =035 ##$$a 0010-101400000000243 =040 ##$$a NBPDMAT =082 ##$$a 959.82 =090 ##$$a 959.82 $b Rad s =100 ##$$a Radita Subalindinata =245 ##$$a Sejarah Nenek moyang jawa / $c oleh Radinata Subalindinata, Bisriri M Djaelani =260 ##$$a Solo : $b Suara Media Sejatera, $c 2008 =300 ##$$a iv, 60 hlm. ; $c 24 cm. =650 ##$$a Jawa-Sejarah nenek moyang